Alles über MS-DOS /

Salvato in:
Dettagli Bibliografici
Autore principale: Hübener, Joachim (Autore)
Natura: Libro
Pubblicazione: Heidelberg : Dr. Alfred Hüthig Verlag, 1989
Tags: Aggiungi Tag
Nessun Tag, puoi essere il primo ad aggiungerne!!

MARC

LEADER 00000nam a22000003a 4500
001 stu47201
005 20150617225711.2
008 ------s1989----gw----------------------d
040 |a STU  |b slo 
041 0
044 |a gw 
080 |a 681.3.066 
100 1 |a Hübener, Joachim  |4 aut 
245 1 |a Alles über MS-DOS /  |c [aut.] Hübener,Joachim 
260 |a Heidelberg :  |b Dr. Alfred Hüthig Verlag,  |c 1989 
996 |b J86437  |c J*86437-86438/›D  |l JJST  |s P  |a 0  |w stu47201_0001 
996 |b J86438  |c J*86437-86438/›D  |l JJST  |s P  |a 0  |w stu47201_0002